2021 NBA Top Jersey Sales - Statistics

General Stats
  • This quiz has been taken 122 times
  • The average score is 7 of 10
Answer Stats
Jersey sells ranking Player % Correct
#1 LeBron James
99%
#7 Stephen Curry
93%
#3 Kevin Durant
89%
#9 James Harden
78%
#2 Giannis Antetokounmpo
76%
#8 Kyrie Irving
73%
#4 Luka Doncic
70%
#5 Jayson Tatum
58%
#6 Devin Booker
57%
#10 Damian Lillard
47%
No matching quizzes found
Score Distribution
Percent of People with Each Score
Percentile by Number Answered
Your Score History
You have not taken this quiz